00361nam a2200145Ia 4500008004100000020001500041041001200056082001600068100001600084245004500100250000800145260004000153300000800193650001400201221030s9999 xx 000 0 und d a8178081636 aEnglish a105.23bFin aI. L. Finar 0aOrganic Chemistry Vol. Icby I. L. Finar a6th bPearson EducationaNew Delhic2002 a801 aChemistry